000 00194nam a2200085Ia 4500
008 120527s9999 xx 000 0 und d
100 _aReynolyd & Lloyd
245 _aEconoics of labor
942 _cBK
999 _c27118
_d27118